00242nam a2200109Ia 4500008004100000100001600041245001900057260001800076650001400094942000700108999001700115190216s9999||||xx |||||||||||||| ||und|| aParappurath 0aPrakasha Dhara bCurrent Books aKavithkal cBK c24078d24078